| 000 | 00757nam a22002177a 4500 | ||
|---|---|---|---|
| 999 |
_c3128 _d3128 |
||
| 003 | AR-CdUCM | ||
| 008 | 190306b ||||| |||| 00| 0 spa d | ||
| 040 |
_aMUNICIPALIDAD PROVINCIAL DEL CUSCO _cBIBLIOTECA MUNICIPAL DEL CUSCO |
||
| 041 | _heng. | ||
| 082 |
_a858.9 / _bS19 |
||
| 100 |
_aMalaparte, Curzio _910168 |
||
| 245 | _aSodoma y Gomorra / | ||
| 260 |
_aBarcelona : _bLuis de Caralt, _c1975. |
||
| 300 |
_a231 paginas ; _c19 cm. |
||
| 505 | _aContenido :La Magdalena de Carlsbourg --La hija del pastor de Born --La mujer roja --Historia del caballero del árbol --El negro de Comaccho ... | ||
| 650 |
_aCuentos italianos _91307 |
||
| 650 |
_aSiglo XX _98 |
||
| 700 |
_aEduardo Bittini (traductor) _910551 |
||
| 942 |
_2ddc _cLIBROS |
||
| 945 | _arjall | ||